LEADER 01121nam a2200289 a 4500 001 000000125214 003 CaOOAMICUS 005 20110504164636.0 008 110504s2010 nyud u000 u eng r 020 $a978-0-415-99743-0 040 $aPUL$bita 082 04$a791.4 100 1 $aLitch, Mary M.$0(OLS)http://pul/name/79191 245 10$aPhilosophy through film /$cMary M. Litch. 250 $aSecond Edition 260 $aNew York ;$aLondon :$bRoutledge,$c©2010. 300 $ax, 374 p. :$bgrafici ;$c24 cm 504 $aContiene riferimenti bibliografici. 650 4$aFilosofia e cinema.$0(OLS)http://pul/subject/37617 850 $aPUL 852 $aPUL$W1$xSL Cons. Gen., Altre Classi 3$y75$m791. 4 LITMA 1$j144170$qDDC 21$B143205$CPULBib$Z2$F143205 $H115392 $82 941 1 $a9 996 $6020$a978-0-415-99743-0$9(OLS)http://pul/number/147064 996 $6082$a791.4$9(OLS)http://pul/classification/359 996 $6245$aPhilosophy through film$9(OLS)http://pul/title/157858 996 $6260$aNew York ;$aLondon :$bRoutledge$9(OLS)http://pul/publisher/74387 LEADER 01775nam a2200361 a 4500 001 000000135690 003 CaOOAMICUS 005 20131009100644.0 008 131009s2012 fr m u000 u fre r 020 $a978-2-88918-052-3 040 $aPUL$bita 082 04$a241 100 1 $aLongeaux, Jacques de.$0(OLS)http://pul/name/87366 245 13$aLe clonage humain et la condition filiale :$brecherche de théologie morale /$cJacques de Longeaux ; préface d'Alain Mattheeuws. 260 $a[Paris] :$bParole et silence,$c2012$a[S. l.] :$bCollège des Bernardins 300 $a544 p. ;$c24 cm 490 1 $aEssai ;$v17 504 $aBibliografia: p. 509-538. 650 4$aTeologia morale$xStudi.$0(OLS)http://pul/subject/5138 650 4$aClonazione umana.$0(OLS)http://pul/subject/26776 650 4$aClonazione$xAspetti religiosi.$0(OLS)http://pul/subject/26718 700 1 $aMattheeuws, Alain.$0(OLS)http://pul/name/71719 710 2 $aPontificia Università Lateranense.$bIstituto Giovanni Paolo II per studi sul matrimonio e famiglia.$kTesi.$0(OLS)http://pul/name/83258 830 0$aEssai (Parole et silence) ;$v17.$0(OLS)http://pul/title/164328 850 $aPUL 852 $aPUL$W1$xSL Religione 3$y85$m241 LONJA 1$j156484$qDDC 21$B155830$CPULBib$Z2$F155830 $H122895 $82 941 1 $a9 996 $6020$a978-2-88918-052-3$9(OLS)http://pul/number/153669 996 $6082$a241$9(OLS)http://pul/classification/246 996 $6245$aLe clonage humain et la condition filiale :$brecherche de théologie morale$9(OLS)http://pul/title/171550 996 $6260$a[Paris] :$bParole et silence$9(OLS)http://pul/publisher/77122 996 $6260$a[S. l.] :$bCollège des Bernardins$9(OLS)http://pul/publisher/82058 LEADER 01124nam a2200277 u 4500 001 000000090140 003 CaOOAMICUS 005 20141007125424.0 008 051207s1970 it u000 u ita u 035 $a11071736 040 $aPUL(R)$bita 041 1 $aita$heng 100 1 $aRycroft, Ch.,$q(Charles).$0(OLS)http://pul/name/58348 240 10$aAnxiety and neurosis.$lItaliano.$0(OLS)http://pul/title/116436 245 10$aAngoscia e nevrosi /$cCharles Rycroft ; prefazione di G.M. Carstairs. 260 $aMilano :$bFeltrinelli,$c1970. 300 $a161 p. ;$c18 cm 490 1 $aUniversale economica ;$v602. 650 4$aNevrosi.$0(OLS)http://pul/subject/7267 650 0$aAngoscia.$2//eng$0(OLS)http://pul/subject/29416 830 0$aUniversale Economica ;$v602.$0(OLS)http://pul/title/12276 850 $aPUL 852 $aPUL$W1$xDP1 Fondo Pastorale$y55$mP17 E 10$j113815$nBK-PRI$b $qFondi$B113815$CPULBib$Z2$F113815 $HPUL64224 $81 941 1 $a1 996 $6245$aAngoscia e nevrosi$9(OLS)http://pul/title/116437 996 $6260$aMilano :$bFeltrinelli$9(OLS)http://pul/publisher/48846 LEADER 01383nam a2200313 a 4500 001 000000121241 003 CaOOAMICUS 005 20100416110033.0 008 100416t2010 it u000 u ita r 020 $a978-88-89527-22-1 040 $aPUL$bita$dReb 041 1 $aita$hpol 082 04$a109 100 1 $aKo?akowski, Leszek,$d1927-2009.$0(OLS)http://pul/name/15441 240 10$aO co nas pytaja wiecly filozofowie$lItaliano.$0(OLS)http://pul/title/152482 245 10$aPiccole lezioni su grandi filosofi /$cLeszek Kolakowski ; traduzione di Viviana Nosilia. 260 $aCostabissara (Vicenza) :$bAngelo Colla editore,$c©2010. 300 $a202 p. ;$c21 cm. 490 1 $aScienze umane (Angelo Colla) 650 4$aFilosofi.$0(OLS)http://pul/subject/26686 700 1 $aNosilia, Viviana.$0(OLS)http://pul/name/75913 830 0$aScienze umane (Angelo Colla).$0(OLS)http://pul/title/152483 850 $aPUL 852 $aPUL$W1$xSL Filosofia 3$y81$m109 KOLLE 1$j139024$qDDC 21$B138262$CPULBib$Z2$F138262 $H113316 $82 941 1 $a9 996 $6020$a978-88-89527-22-1$9(OLS)http://pul/number/143879 996 $6082$a109$9(OLS)http://pul/classification/436 996 $6245$aPiccole lezioni su grandi filosofi$9(OLS)http://pul/title/152481 996 $6260$aCostabissara (Vicenza) :$bAngelo Colla editore$9(OLS)http://pul/publisher/81036